000 00589nam a2200205 i 4500
001 bg
100 1 _aMELDIZON, Jerzy
245 1 0 _aMateriały pomocnicze z fizyki dla studentów semestru zerowego /
_cJerzy Meldizon ; Politechnika Lubelska.
260 _aLublin :
_bWydawnictwa Uczelniane PL,
_c1994.
300 _a292 s. :
_brys., wykr. ;
_c24 cm.
650 9 _aFizyka
655 _aPodręczniki akademickie
020 _a8386333103
040 _cBPK
041 0 _apl
080 _a53(075.8)
920 _a83-86333-10-3
942 _cKS
008 s pl f |000 0 pol
999 _c6733
_d6733
856 _uhttp://koha.tu.koszalin.pl/cgi-bin/koha/opac-detail.pl?biblionumber=6733
_yKatalog online BPK